[Event "2nd Washington Int"]
[Site "Rockville USA"]
[Date "2013.08.10"]
[Round "8.21"]
[White "Thompson, Ian D"]
[Black "Uesugi, Shinsaku"]
[Result "0-1"]
[WhiteTitle "FM"]
[BlackTitle "FM"]
[WhiteElo "2260"]
[BlackElo "2292"]
[WhiteFideId "405205"]
[BlackFideId "2024578"]
[EventDate "2013.08.06"]

1. c4 e5 2. g3 c6 3. Nf3 e4 4. Nd4 Nf6 5. Bg2 Qb6 6. Nc2 d5 7. d3 exd3 8. exd3
Bg4 9. Qd2 Be7 10. O-O O-O 11. Re1 Re8 12. Nc3 dxc4 13. dxc4 Na6 14. Na4 Qc7 15.
Qc3 Rad8 16. Bf4 Qc8 17. a3 Nd7 18. Ne3 Be6 19. Rad1 Bf6 20. Qc2 Ne5 21. c5 Rxd1
22. Rxd1 Rd8 23. Rxd8+ Qxd8 24. Qe4 Qd3 25. Nc3 Nxc5 26. Qb4 Ned7 27. Bf1 Qd4
28. Qa5 Nb3 29. Qc7 Qb6 30. Qd6 Qc5 31. Qc7 Qb6 32. Qd6 Qd8 33. Nc4 Ndc5 34. Qb8
Qxb8 35. Bxb8 a6 36. Nd1 Na4 37. Bf4 b5 38. Nce3 Nxb2 39. Nxb2 Bxb2 40. Bg2 c5
41. Nc2 Bf5 42. Ne3 Bd3 43. Bd5 Nd4 44. Ng4 c4 45. Kg2 Ne2 46. Bd6 h5 47. Ne3 c3
48. Bb7 c2 49. Nxc2 Bxc2 50. Bxa6 Ba4 0-1

[Event "2nd Washington Int"]
[Site "Rockville USA"]
[Date "2013.08.11"]
[Round "9.3"]
[White "Chirila, Ioan-Cristian"]
[Black "Yang, Darwin"]
[Result "1/2-1/2"]
[WhiteTitle "GM"]
[BlackTitle "IM"]
[WhiteElo "2520"]
[BlackElo "2480"]
[WhiteFideId "1211668"]
[BlackFideId "2029111"]
[EventDate "2013.08.06"]

1. d4 Nf6 2. c4 e6 3. Nc3 Bb4 4. Bg5 c5 5. d5 h6 6. Bh4 O-O 7. e3 exd5 8. cxd5
d6 9. Bd3 Nbd7 10. Ne2 Ne5 11. O-O g5 12. Bg3 Qe7 13. a3 Ba5 14. Rb1 Bc7 15. h3
Bd7 16. Bh2 Nh5 17. Ng3 Nxg3 18. Bxg3 f5 19. f4 Nxd3 20. Qxd3 Rae8 21. Rfe1 a6
22. b4 cxb4 23. axb4 Bb6 24. Kh2 Bxe3 25. Kh1 Bb5 26. Nxb5 axb5 27. Rb3 gxf4 28.
Bxf4 Qh4 29. Rxe3 Qxf4 30. Rg3+ Kh7 31. Rb1 Qe4 32. Rc1 Qxd3 33. Rc7+ Kh8 34.
Rxd3 Re1+ 35. Kh2 f4 36. Rd2 Re4 37. Rxb7 Rxb4 38. Rd7 Kg8 39. Rxd6 Kg7 40. Re6
Rd8 41. d6 Rc4 42. Rde2 Rd4 43. Re7+ Kf8 44. Rb7 R8xd6 45. Rxb5 Rf6 46. Rf2 Kg7
47. Rb3 Kg6 48. Rbf3 Kg5 49. g3 Rf5 50. Kg2 Ra4 1/2-1/2

[Event "2nd Washington Int"]
[Site "Rockville USA"]
[Date "2013.08.11"]
[Round "9.8"]
[White "Troff, Kayden W"]
[Black "Molner, Mackenzie"]
[Result "1/2-1/2"]
[WhiteTitle "IM"]
[BlackTitle "IM"]
[WhiteElo "2428"]
[BlackElo "2506"]
[WhiteFideId "2047896"]
[BlackFideId "2021722"]
[EventDate "2013.08.06"]

1. d4 Nf6 2. c4 g6 3. Nc3 d5 4. Nf3 Bg7 5. cxd5 Nxd5 6. e4 Nxc3 7. bxc3 c5 8.
Be3 Qa5 9. Qd2 Nc6 10. Rc1 cxd4 11. cxd4 Qxd2+ 12. Kxd2 O-O 13. d5 Rd8 14. Kc2
Na5 15. Bg5 Kf8 16. Kb1 f5 17. Rc7 Rd7 18. Rxd7 Bxd7 19. e5 Rc8 20. Be3 f4 21.
Bxf4 Bf5+ 22. Ka1 Be4 23. Be2 Bxd5 24. Rd1 e6 25. Nd4 g5 26. Bg3 Nc6 27. Bf3
Nxd4 28. Rxd4 Bxf3 29. gxf3 Rc5 30. f4 Ke7 31. Rb4 b5 32. fxg5 Bxe5+ 33. Bxe5
Rxe5 34. Rh4 Rxg5 35. Rxh7+ Kd6 36. Rxa7 Rf5 37. Rb7 Kc6 38. Re7 Kd5 39. Rd7+
Ke4 40. Rd2 e5 41. Kb2 Rf3 42. Kc2 Rh3 43. Kd1 Kf4 44. Rb2 Rxh2 45. Ke2 Rh3 46.
Rxb5 Ra3 47. Rb2 e4 48. Rc2 1/2-1/2

[Event "2nd Washington Int"]
[Site "Rockville USA"]
[Date "2013.08.11"]
[Round "9.9"]
[White "Neimer, Vitaly"]
[Black "Sundararajan, Kidambi"]
[Result "0-1"]
[WhiteTitle "IM"]
[BlackTitle "GM"]
[WhiteElo "2379"]
[BlackElo "2458"]
[WhiteFideId "2807017"]
[BlackFideId "5005370"]
[EventDate "2013.08.06"]

1. e4 c5 2. Nf3 e6 3. Nc3 Nc6 4. Bb5 Nge7 5. O-O a6 6. Bxc6 Nxc6 7. d4 cxd4 8.
Nxd4 Be7 9. Bf4 d6 10. Nxc6 bxc6 11. e5 d5 12. Qg4 Kf8 13. Na4 Rb8 14. b3 c5 15.
Be3 Qc7 16. f4 h5 17. Qe2 h4 18. h3 g6 19. c4 d4 20. Bd2 Bb7 21. Rf2 Rh5 22. Nb2
a5 23. Qe1 Ra8 24. Nd3 Kg7 25. a4 Rf5 26. Qe2 Bc6 27. Rb1 Qb7 28. Rb2 Be4 29.
Kh2 Rh5 30. Rf1 Rhh8 31. Re1 Bf5 32. Nc1 Qc6 33. Qf3 Qxf3 34. gxf3 Rhb8 35. Rf1
Rb7 36. Be1 Bd8 37. Rg2 Be7 38. Rgg1 Rbb8 39. Rg2 Rh8 40. Ne2 Bd8 41. Rgf2 f6
42. Rg1 Kf7 43. Rfg2 Bc7 0-1

[Event "2nd Washington Int"]
[Site "Rockville USA"]
[Date "2013.08.11"]
[Round "9.10"]
[White "Enkhbat, Tegshsuren"]
[Black "Sevian, Samuel"]
[Result "0-1"]
[WhiteTitle "IM"]
[BlackTitle "FM"]
[WhiteElo "2417"]
[BlackElo "2388"]
[WhiteFideId "4900251"]
[BlackFideId "2040506"]
[EventDate "2013.08.06"]

1. d4 d5 2. c4 c6 3. Nf3 Nf6 4. Qc2 dxc4 5. Qxc4 b5 6. Qc2 Bb7 7. g3 Nbd7 8. Bg2
e6 9. Ne5 Qb6 10. Nxd7 Nxd7 11. Nc3 Nf6 12. O-O a6 13. a4 Be7 14. a5 Qa7 15. Ne4
Nxe4 16. Bxe4 Rc8 17. Be3 Qa8 18. Qc3 h5 19. h4 f5 20. Bf3 Kf7 21. b4 Rcg8 22.
Bg5 Qd8 23. Bxc6 Bxc6 24. Qxc6 Bxg5 25. hxg5 Qxg5 26. Qxa6 h4 27. Qb7+ Kf6 28.
Ra3 hxg3 29. fxg3 Rh3 30. Qg2 Rgh8 31. a6 Qh6 32. Qf3 Rh1+ 33. Kf2 Rxf1+ 34.
Kxf1 Qc1+ 35. Kg2 Qh1+ 36. Kf2 Rh2+ 0-1

[Event "2nd Washington Int"]
[Site "Rockville USA"]
[Date "2013.08.11"]
[Round "9.12"]
[White "Harmon-Vellotti, Luke"]
[Black "Piasetski, Leon"]
[Result "1-0"]
[WhiteTitle "FM"]
[BlackTitle "IM"]
[WhiteElo "2399"]
[BlackElo "2286"]
[WhiteFideId "2030012"]
[BlackFideId "2600072"]
[EventDate "2013.08.06"]

1. e4 g6 2. d4 Bg7 3. Nc3 d6 4. Be2 a6 5. a4 Nf6 6. Nf3 Bg4 7. O-O Nc6 8. Bg5 h6
9. Be3 e5 10. d5 Ne7 11. Qd2 Bd7 12. Ne1 g5 13. Nd3 Ng4 14. Bxg4 Bxg4 15. f3 Bd7
16. Ne2 f5 17. exf5 Nxd5 18. g4 Nxe3 19. Qxe3 O-O 20. c4 b5 21. axb5 axb5 22.
Rxa8 Qxa8 23. c5 d5 24. Ng3 Bh8 25. h4 Qd8 26. Nh5 Be8 27. f6 Bxh5 28. hxg5 Bg6
29. Nxe5 Qe8 30. f4 Be4 31. Qd4 Qe6 32. Rf2 hxg5 33. fxg5 Bxf6 34. gxf6 Rxf6 35.
Qc3 Rh6 36. Rh2 b4 37. Qe3 Rxh2 38. Qg5+ Kh7 39. Kxh2 Qh6+ 40. Qxh6+ Kxh6 41.
Nc6 Kg5 42. Kg3 Bg6 43. Nd4 Bf7 44. Nf3+ Kf6 45. Kf4 Be6 46. g5+ Kg6 47. Nd4 Bd7
48. Nc2 Bb5 49. Nxb4 d4 50. Ke4 Kxg5 51. Kxd4 Kf5 52. c6 Ba4 53. Kc5 1-0

[Event "2nd Washington Int"]
[Site "Rockville USA"]
[Date "2013.08.11"]
[Round "9.14"]
[White "Chandra, Akshat"]
[Black "Paikidze, Nazi"]
[Result "1/2-1/2"]
[WhiteTitle "FM"]
[BlackTitle "IM"]
[WhiteElo "2328"]
[BlackElo "2377"]
[WhiteFideId "25006711"]
[BlackFideId "13603620"]
[EventDate "2013.08.06"]

1. e4 c6 2. d4 d5 3. Nc3 dxe4 4. Nxe4 Bf5 5. Ng3 Bg6 6. h4 h6 7. Nf3 Nd7 8. h5
Bh7 9. Bd3 Bxd3 10. Qxd3 e6 11. Bd2 Ngf6 12. O-O-O Qc7 13. Ne4 Nxe4 14. Qxe4 Nf6
15. Qe2 O-O-O 16. g3 Bd6 17. c4 c5 18. Bc3 cxd4 19. Nxd4 a6 20. Kb1 Rd7 21. Nb3
Qc6 22. Rh4 Rhd8 23. Rc1 Bc7 24. Nd4 Qd6 25. b4 Qe5 26. Qxe5 Bxe5 27. Nf3 Bxc3
28. Rxc3 Rd1+ 29. Kb2 Kd7 30. c5 Ke7 31. a4 Rf1 32. Rc2 Rdd1 33. Nd4 Nd5 34. Nb3
f5 35. Rhc4 Kd7 36. b5 a5 37. Nxa5 Ra1 38. Kb3 Rfd1 39. Ra2 Rab1+ 40. Rb2 b6 41.
Nc6 bxc5 42. Rxc5 Kd6 43. Rc4 Nb6 44. Rxb1 Rxb1+ 45. Ka2 Rf1 46. Rf4 e5 47. Rxf5
Nxa4 48. Nxe5 Ke6 49. g4 Nc3+ 50. Kb2 Nxb5 51. Nd3 Nd6 52. Rf4 Rd1 53. Kc2 Ra1
54. Kd2 Ra3 55. Ke3 Ne8 56. Ke2 Nf6 57. Rd4 Ra2+ 58. Kf3 Ra3 59. Kg2 Nxg4 60.
Rxg4 Rxd3 61. Rxg7 Rd5 62. Rg6+ Kf7 63. Rxh6 Kg7 64. Rg6+ Kf7 65. Rh6 Kg7 66.
Ra6 Rxh5 67. f4 Rb5 68. Kf3 Kf7 69. Kg4 Rc5 70. f5 Rc1 71. Kg5 Rg1+ 72. Kf4 Rf1+ 1/2-1/2

[Event "2nd Washington Int"]
[Site "Rockville USA"]
[Date "2013.08.11"]
[Round "9.18"]
[White "Uesugi, Shinsaku"]
[Black "Shetty, Atulya"]
[Result "1/2-1/2"]
[WhiteTitle "FM"]
[BlackTitle "FM"]
[WhiteElo "2292"]
[BlackElo "2341"]
[WhiteFideId "2024578"]
[BlackFideId "2031213"]
[EventDate "2013.08.06"]

1. e4 e6 2. d4 d5 3. e5 c5 4. Nf3 Nc6 5. Bd3 Bd7 6. O-O Qb6 7. a3 Nxd4 8. Nxd4
cxd4 9. Nd2 Bb5 10. Nf3 Bxd3 11. Qxd3 Ne7 12. b4 Rc8 13. Bb2 Nc6 14. Rae1 Be7
15. Nxd4 a5 16. Nxc6 bxc6 17. Bd4 Qc7 18. b5 cxb5 19. Qxb5+ Qc6 20. Qxa5 O-O 21.
c3 Ra8 22. Qb6 Qc4 23. Rb1 Rxa3 24. Qb5 Ra4 25. Qxc4 Rxc4 26. Rb7 Bc5 27. Rc7
Bxd4 28. Rxc4 Bxf2+ 29. Kxf2 dxc4 30. Rb1 g5 31. Rb4 Rc8 32. Ke3 Rc5 33. Ke4 h5
34. g4 hxg4 35. Rb1 Rd5 36. Rg1 Rd3 37. Rg3 Rd2 38. Rxg4 Rxh2 39. Rxg5+ Kf8 40.
Kd4 Rh4+ 41. Kc5 Re4 42. Kb5 Ke7 43. Kc5 Kd7 44. Rh5 Rg4 45. Kb5 Ke7 46. Rh1 Kf8
47. Re1 Kg7 48. Kc5 Kg6 49. Re2 Kf5 50. Re1 Re4 51. Rf1+ Rf4 52. Re1 Kg4 53. Re3
Rf3 54. Rxf3 Kxf3 55. Kxc4 Ke4 56. Kb5 Kxe5 57. c4 f5 58. c5 f4 59. c6 f3 60. c7
f2 61. c8=Q f1=Q+ 62. Kb4 Qb1+ 63. Ka3 Qf5 64. Kb2 Kf4 65. Qc1+ Kg4 66. Qg1+ Kh5
67. Kc3 e5 68. Kd2 Qf4+ 69. Ke2 Qc4+ 70. Kd2 Qb4+ 71. Ke2 Qc4+ 72. Kd2 Qf4+ 73.
Ke2 e4 74. Qc5+ Kg4 75. Qg1+ Kh5 76. Qf2 1/2-1/2

[Event "2nd Washington Int"]
[Site "Rockville USA"]
[Date "2013.08.11"]
[Round "9.19"]
[White "Kane, Jeremy"]
[Black "Martin Del Campo C., Roberto"]
[Result "0-1"]
[BlackTitle "IM"]
[WhiteElo "2196"]
[BlackElo "2386"]
[WhiteFideId "2027852"]
[BlackFideId "5100046"]
[EventDate "2013.08.06"]

1. d4 Nf6 2. c4 g6 3. Nc3 Bg7 4. Nf3 O-O 5. g3 d6 6. Bg2 c6 7. O-O Qa5 8. e4 Bg4
9. h3 Bxf3 10. Bxf3 Nfd7 11. Be3 c5 12. Rb1 Nc6 13. dxc5 Bxc3 14. bxc3 Nxc5 15.
Qc2 b6 16. Rfc1 Rae8 17. Be2 Qa4 18. Bxc5 Qxc2 19. Rxc2 bxc5 20. Rcb2 Rb8 21.
Rb5 Rfc8 22. Bg4 e6 23. f4 Kf8 24. Bd1 Ke7 25. Rb7+ Kf6 26. Kf2 Rxb7 27. Rxb7
Rb8 28. Rb5 Rb6 29. Ke3 e5 30. h4 h6 31. h5 exf4+ 32. gxf4 g5 33. e5+ dxe5 34.
fxe5+ Nxe5 35. Rxc5 Re6 36. Kd4 g4 37. Rxe5 Rxe5 38. Bxg4 Ra5 39. c5 Ke7 40. Kd5
Rxa2 41. Kc6 Kd8 42. Bf3 Ra6+ 43. Kb7 Ra3 44. Bd5 Rxc3 45. c6 f5 46. Kb8 a5 0-1

[Event "2nd Washington Int"]
[Site "Rockville USA"]
[Date "2013.08.11"]
[Round "9.20"]
[White "Rozman, Levy"]
[Black "Rohonyan, Katerina"]
[Result "1/2-1/2"]
[BlackTitle "WGM"]
[WhiteElo "2207"]
[BlackElo "2299"]
[WhiteFideId "2039877"]
[BlackFideId "14107503"]
[EventDate "2013.08.06"]

1. e4 c5 2. c3 d5 3. exd5 Qxd5 4. d4 Nf6 5. Nf3 Bg4 6. Be2 cxd4 7. cxd4 e6 8.
Nc3 Qa5 9. O-O Nc6 10. Be3 Bd6 11. h3 Bh5 12. Nd2 Bxe2 13. Qxe2 O-O 14. Rfd1 Nd5
15. Nde4 Rad8 16. Nxd5 exd5 17. Nxd6 Rxd6 18. a3 Re8 19. Rac1 Rh6 20. Qd3 a6 1/2-1/2

[Event "2nd Washington Int"]
[Site "Rockville USA"]
[Date "2013.08.11"]
[Round "9.21"]
[White "Li, Ruifeng"]
[Black "Prathiba, Yuvarajan"]
[Result "0-1"]
[WhiteTitle "CM"]
[BlackTitle "WIM"]
[WhiteElo "2246"]
[BlackElo "2174"]
[WhiteFideId "2061074"]
[BlackFideId "5009871"]
[EventDate "2013.08.06"]

1. e4 e5 2. Nf3 Nc6 3. Bb5 a6 4. Ba4 Nf6 5. O-O b5 6. Bb3 Be7 7. Re1 O-O 8. a4
b4 9. d3 d5 10. exd5 Nxd5 11. Nxe5 Nxe5 12. Rxe5 c6 13. Nd2 Bd6 14. Re1 Qh4 15.
g3 Qh3 16. Ne4 Bc7 17. Ng5 Qf5 18. Qf3 Qg6 19. Qg2 h6 20. Nf3 Qh5 21. h4 Bg4 22.
Nh2 Bd7 23. Bd2 Rfe8 24. Qf3 Qg6 25. h5 Qd6 26. Ng4 Bb6 27. Kg2 Kh8 28. Bxd5
cxd5 29. Bf4 Qc5 30. Ne5 Be6 31. Rac1 Bc7 32. c3 Bxe5 33. Bxe5 bxc3 34. bxc3 Qc6
35. a5 Qd7 36. Qf4 Kg8 37. f3 Qb5 38. Qd2 Qxa5 39. g4 Qd8 40. Qf4 Rc8 41. Qa4
Qb6 42. Bd4 Qd6 43. Be5 Qd7 44. Qf4 Qd8 45. Ra1 Rc6 46. Kg3 Bd7 47. Qd4 Rce6 48.
Qxd5 Kh8 49. c4 Qc8 50. Kf2 Bc6 51. Qc5 Qb7 52. Rab1 Qa8 53. Qd4 f6 54. Bf4 Rxe1
55. Rxe1 Rxe1 56. Kxe1 Bxf3 57. Bxh6 Qe8+ 58. Qe3 Qc6 59. Bf4 Bxg4 60. Kf2 Bxh5
61. c5 Bf7 62. Qe7 Kg8 63. Bd6 Bd5 64. Ke3 Kh7 65. Kd2 a5 66. Qc7 Qxc7 67. Bxc7
a4 68. Ba5 a3 69. Ke3 g5 70. Kd4 Bc6 71. Kc4 a2 72. Bc3 g4 73. Kb3 Bd5+ 74. Kb2
Kg6 75. c6 Bxc6 76. Kxa2 Kf5 77. Kb2 g3 78. Kc2 Kg5 79. Kd1 f5 80. Ke2 Kg4 81.
Kf1 Bb5 82. Bd4 Kf3 83. Be5 Bxd3+ 84. Kg1 f4 85. Bc7 Kg4 86. Bb6 f3 87. Bc5 Bc4
88. Bb6 Kf4 89. Bc7+ Kg4 90. Bb6 Kf5 91. Ba7 Ke4 92. Bb6 Kd3 93. Kf1 Kd2+ 94.
Kg1 Ke2 0-1